1655 1205 1290 1864 1416 1434 1381 1114 1530 1054 1699 1629 1707 1704 1210 1168 1564 1377 1844 1949 1058 1263 1197 1193 1192 1082 1540 1979 1416 1925 1793 1492 1466 1211 1110 1571 1543 1608 1212 1466 1048 1295 1260 1834 1955 1303 1851 1104 1665 1628 1476 1944 1032 1759 1351 1649 1775 1988 1217 1712 1580 1921 1810 1748 1341 1249 1573 1836 1744 1850 1821 1495 1443 1630 1304 1834 1356 1314 1779 1640 1437 1937 1082 1616 1367 1923 1965 1783 1901 1068 1755 1088 1656 1275 1464 1554 1805 1911 1263 BCNSPRNW ULIB Ver.6.0+V

เปลี่ยนเป็นภาษาไทย

Change to English
 แสดงรายละเอียดบรรณานุกรม
  กลับหน้าหลัก

Brief Record : Get Marc (ISO 2709) : E-mail record : QR code < ปิดหน้าต่าง
LEADER : 00000nam 2200000uu 4500
001    13399113562
003     ULIB
008    111128s2553||||th 000 0 tha d
020    ^a9786167123561
090    ^aนว.^bน482อ 2553
100 0  ^aนาราจันทร์
245 00 ^aอุ่นไอสายใยรัก/^cนาราจันทร์
250    ^aพิมพ์ครั้งที่ 1
260    ^aกรุงเทพฯ :^bGreen Mine,^c2553
300    ^a359 หน้า
710 1  ^aGreen Mine
945    ^p249^l0^i17055
995    ^aกัณชพร
999    ^aใช้งานได้ทุกระบบ
รายการนี้ยังไม่มีแท็ก
คุณยังไม่ได้ล็อกอิน คุณสามารถมีกิจกรรมร่วมกับเว็บไซต์ได้ แต่ต้องล็อกอินก่อน ::
  ล็อกอิน

รายการสื่อสารสนเทศ

ลำดับที่ ประเภท เลขเรียก/บาร์โค้ด สถานที่ สถานะ
1. นวนิยาย
นวนิยาย
นว. น482อ 2553  
  Barcode: 17055
ห้องสมุดวิทยาเขตสวรรค์ประชารักษ์
►นวนิยาย
บนชั้น
  ขอยืม

BibComment


ยังไม่เคยถูกคอมเมนท์

คอมเมนท์ทรัพยากรรายการนี้
  คอมเมนท์: อุ่นไอสายใยรัก น..


 Copyright 2026. Bcnsprnw @Library